| 000 | 00389nam a22001577a 4500 | ||
|---|---|---|---|
| 999 |
_c11732 _d11732 |
||
| 008 | 210101b ||||| |||| 00| 0 eng d | ||
| 020 | _a9788174467355 | ||
| 082 |
_a382 _bSIN |
||
| 100 | _aSingh, Ram | ||
| 245 | _aInternational trade operations | ||
| 260 |
_aNew Delhi _bExcel books _c2009 |
||
| 300 | _axii, 504p. | ||
| 650 | _aCommerce | ||
| 650 | _aInternational trade | ||
| 942 | _cBK | ||